00359 a2200121 4500001001000000005001700010008004100027245004300068100001900111700002200130700001800152773006700170ART_2594020260410161603.0260409a 10aEl valor llave en empresas concursadas1 aDíaz, Teresa1 aBertolino, Gisela1 aSuardi, Diana0 tProfesional & Empresariag- Año V, Nº 52 (ene. 2004)wREV70